• 首页
  • 本馆介绍
  • 公告通知
  • 最新文献
  • 馆藏检索
  • 电子资源
  • 读者导购
  • 参考咨询
  • 我的图书馆
  • 登录
  • 详细信息显示
  • 放入我的书架
  • 预约/预借图书
  • 作者相关作品
  • 分类相关作品
  • 丛书相关作品
  • 出版社相关作品

书目信息

  • 表格格式
  • 工作单格式
  • 卡片格式
题名:
从老庄哲学至晚清方术
    
 
作者: 张荣明 著
分册:  
出版信息: 上海   华东师范大学出版社  2006
页数: 336页
开本: 21cm
丛书名: 六点学术
单 册:
中图分类: B992 , B215 , B083
科图分类:
主题词: 方术--研究--中国--清后期 , 哲学 , 方术 , 古典哲学--研究--中国 , 哲学学派 , 哲学学派--研究
电子资源:
ISBN: 7-5617-4708-X
000 01152oam2 2200349 450
001 1265974656
005 20120929182138.62
010    @a7-5617-4708-X@dCNY24.80
100    @a20060104d2006 em y0chiy50 ea
101 0  @achi
102    @aCN@b310000
105    @ay z 000yy
106    @ar
200 1  @a从老庄哲学至晚清方术@e中国神秘主义研究@f张荣明著@Acong lao zhuang zhe xue zhi wan qing fang zhu
210    @a上海@c华东师范大学出版社@d2006
215    @a336页@c图@d21cm
225 2  @a六点学术
330    @a本书包括《老子》首章七解、老庄哲学与印度《奥义书》及东方神秘主义、朱熹思想与佛教哲学、朱熹与道家、道教、古代气功对中国思想文化的影响等内容。
461  0 @1001003047038
517 1  @a中国神秘主义研究@Azhong guo shen mi zhu yi yan jiu
606 0  @a方术@x研究@y中国@z清后期
606 0  @a哲学
606 0  @a方术
606 0  @a古典哲学@x研究@y中国
606 0  @a哲学学派
606 0  @a哲学学派@x研究
690    @aB992@v4
690    @aB215@v4
690    @aB083@v4
701  0 @a张荣明@f(1952~)@4著@Azhang rong ming
801  0 @aCN@b大连网信软件有限公司图书馆·11@c20120929
905    @a10447@dB083@eJY83
    
    从老庄哲学至晚清方术:中国神秘主义研究/张荣明著.-上海:华东师范大学出版社,2006
    336页:图;21cm .-(六点学术 )
    
    
    ISBN 7-5617-4708-X:CNY24.80
    本书包括《老子》首章七解、老庄哲学与印度《奥义书》及东方神秘主义、朱熹思想与佛教哲学、朱熹与道家、道教、古代气功对中国思想文化的影响等内容。
●
相关链接 在E读中查询图书 在五车中查询图书 在当当中查询图书 在豆瓣中查询图书


正题名:从老庄哲学至晚清方术     索取号:B083/JY83         预约/预借

序号 登录号 条形码 馆藏地/架位号 状态 备注
1 7809644   278096445   学院路分馆/ [索取号:B083/JY83] 在馆    
2 7809645   278096454   学院路分馆/ [索取号:B083/JY83] 在馆    
唐山师范学院图书馆 欢迎您!
大连网信软件有限公司© 版权所有